000 00298nam a22001337a 4500
008 171124b xxu||||| |||| 00| 0 eng d
020 _a0155713361
041 _aeng
080 _a330.722.6
100 _a54
101 _aME.F
245 _aPRINCIPLES OF ACCOUTING
_cPAUL.H.W
942 _2udc
_cBK
999 _c38444
_d38444